00494 2200169 4500001002100000008004100021035002000062245007500082100003400157260003700191300002100228020002200249084001400271082000800285650002000293990001100313INLIS000000000000350 Ind  a0010-0226000350 aAHA! AKU TAHU BAGAIMANA TUBUHKU BEKERJAcDavina Riandani & Aqila Smart aDavina Riandani & Aqila Smart aYogyakarta :bA+Plus Booksc2010 a144 hlm.c20 cm. a978-979-25-4701-6 a500 RIA b a500 aIlmu-ilmu murni a1048/1